Čas pomsty /
Kdyby Danny Cartwright požádal Beth Wilsonovou o ruku předchozího nebo následujícího dne, nebyl by zatčen a obviněn z vraždy svého nejlepšího přítele. A když jsou čtyři svědkové obžaloby právník, populární herec, aristokrat a nejmladší partner zavedené firmy, kdo uvěří jeho verzi událostí? Danny je...
Uloženo v:
| Hlavní autor: | |
|---|---|
| Médium: | E-kniha |
| Jazyk: | Czech |
| Vydáno: |
Praha :
Saga Egmont,
2021
|
| Tagy: |
Žádné tagy |
| LEADER | 01481nam a22002297i 4500 | ||
|---|---|---|---|
| 001 | 312003 | ||
| 007 | ta | ||
| 008 | 260601s2021 xr ||||| |||| 00| 0 cze d | ||
| 020 | |a 9990003808202 | ||
| 044 | |a xr | ||
| 100 | 1 | |a Archer, Jeffrey |4 aut | |
| 245 | 1 | 0 | |a Čas pomsty / |c Archer, Jeffrey |
| 264 | 1 | |a Praha : |b Saga Egmont, |c 2021 | |
| 300 | |a 1 online zdroj (461 stran) | ||
| 336 | |a text |b txt |2 rdacontent | ||
| 337 | |a bez média |b n |2 rdamedia | ||
| 338 | |a online zdroj |b cr |2 rdacarrier | ||
| 520 | 2 | |a Kdyby Danny Cartwright požádal Beth Wilsonovou o ruku předchozího nebo následujícího dne, nebyl by zatčen a obviněn z vraždy svého nejlepšího přítele. A když jsou čtyři svědkové obžaloby právník, populární herec, aristokrat a nejmladší partner zavedené firmy, kdo uvěří jeho verzi událostí? Danny je odsouzen na dvaadvacet let a poslán do věznice Belmarsh, nejpřísněji střeženého nápravného zařízení v zemi, odkud dosud nikdy nikdo neutekl. Ale všichni podcenili Dannyho odhodlání pomstít křivdu a Bethinu neúnavnou snahu domoci se spravedlnosti. | |
| 910 | |a RBIT002 | ||
| 998 | |d 380820 |a https://core.palmknihy.cz/api/books/380820/cover?s227rf |b https://core.palmknihy.cz/api/books/380820/cover/400?s227rf |c https://core.palmknihy.cz/api/books/380820/cover/50?s227rf |e |g 461 |i 9990003808202 |j https://core.palmknihy.cz/api/books/380820/preview.epub |l |q 49 |r 1 |s https://www.palmknihy.cz/kniha/380820 |t ebook |y 2021 |z 1 | ||
| 999 | |d 312001 | ||